Ideas of the great economists
Αποθηκεύτηκε σε:
| Κύριος συγγραφέας: | |
|---|---|
| Μορφή: | Βιβλίο |
| Γλώσσα: | English |
| Δημοσίευση: |
New York :
A Mentor Book,
1952
|
| Σειρά: | Mentor book ;
; 680 |
| Θέματα: | |
| Ετικέτες: |
Προσθήκη ετικέτας
Δεν υπάρχουν, Καταχωρήστε ετικέτα πρώτοι!
|
MARC
| LEADER | 00000nam a2200000 i 4500 | ||
|---|---|---|---|
| 001 | 1/45777 | ||
| 008 | 961118s1952 eng d | ||
| 035 | |l 10026202 | ||
| 040 | |a GR-MY-UA |b gre |e aacr | ||
| 041 | 0 | |a eng | |
| 082 | 0 | |a 330.1 | |
| 100 | 1 | |a Soule, George Henry |d 1887- | |
| 245 | 1 | 0 | |a Ideas of the great economists / |c George Soule |
| 260 | |a New York : |b A Mentor Book, |c 1952 | ||
| 300 | |a 160 p. | ||
| 490 | 1 | |a A Mentor book |v ; 680 | |
| 500 | |a Include index | ||
| 650 | 0 | 0 | |a Economics |x History. |
| 830 | 0 | |a Mentor book ; |v ; 680 | |
| 852 | |a INST |b CHIOS |e 19961118 |h 330.1 SOU |p 005200011507 |q 005200011507 |t BK |y 0 | ||
| 909 | |a Χ |b 013382 | ||